[Event "XXVII Miedzynarodowy Festiwal Szachowy im. Jozefa Dominika"]
[Site "Dobczyce"]
[Date "2019.07.11"]
[Round "9.2"]
[White "Gbyl, Andrzej"]
[Black "Dziewonski, Dariusz"]
[Result "1-0"]
[BlackElo "1879"]
[WhiteElo "2234"]
[LiveChessVersion "1.4.8"]

1. d4 {[%clk 1:30:56]} d5 {[%clk 1:30:54]} 2. c4 {[%clk 1:31:21]} e6
{[%clk 1:31:19]} 3. Nc3 {[%clk 1:31:47]} Nf6 {[%clk 1:31:45]} 4. Nf3
{[%clk 1:30:54]} Be7 {[%clk 1:31:52]} 5. Qc2 {[%clk 1:30:23]} O-O
{[%clk 1:26:31]} 6. cxd5 {[%clk 1:29:35]} exd5 {[%clk 1:25:33]} 7. Bf4
{[%clk 1:29:55]} c6 {[%clk 1:24:19]} 8. e3 {[%clk 1:30:19]} Nbd7 {[%clk 1:15:47]}
9. Bd3 {[%clk 1:30:38]} a6 {[%clk 1:11:48]} 10. h3 {[%clk 1:29:44]} Nb6
{[%clk 1:03:07]} 11. g4 {[%clk 1:27:52]} g6 {[%clk 1:02:07]} 12. O-O-O
{[%clk 1:17:00]} Nc4 {[%clk 0:57:37]} 13. Ne5 {[%clk 1:11:45]} Be6
{[%clk 0:50:59]} 14. h4 {[%clk 1:04:55]} Nxg4 {[%clk 0:36:50]} 15. h5
{[%clk 1:05:11]} g5 {[%clk 0:35:05]} 16. Bxh7+ {[%clk 0:50:34]} Kh8
{[%clk 0:35:05]} 17. Bg3 {[%clk 0:50:09]} f5 {[%clk 0:28:30]} 18. Nxg4
{[%clk 0:46:28]} Kxh7 {[%clk 0:28:42]} 19. Ne5 {[%clk 0:46:46]} Nxe5
{[%clk 0:26:24]} 20. Bxe5 {[%clk 0:47:12]} Kh6 {[%clk 0:25:05]} 21. Rdg1
{[%clk 0:47:14]} Rg8 {[%clk 0:24:40]} 22. Kb1 {[%clk 0:45:32]} b5
{[%clk 0:20:26]} 23. Ka1 {[%clk 0:45:47]} a5 {[%clk 0:19:42]} 24. Ne2
{[%clk 0:46:00]} Qb6 {[%clk 0:19:01]} 25. f3 {[%clk 0:45:57]} Raf8
{[%clk 0:15:59]} 26. Nf4 {[%clk 0:45:08]} gxf4 {[%clk 0:11:32]} 27. Rg6+
{[%clk 0:45:33]} Rxg6 {[%clk 0:11:27]} 28. hxg6+ {[%clk 0:45:59]} Kxg6
{[%clk 0:11:48]} 29. Qh2 {[%clk 0:45:03]} 1-0

[Event "XXVII Miedzynarodowy Festiwal Szachowy im. Jozefa Dominika"]
[Site "Dobczyce"]
[Date "2019.07.11"]
[Round "9.3"]
[White "Slabek, Grzegorz"]
[Black "Widla, Piotr"]
[Result "1/2-1/2"]
[BlackElo "1989"]
[WhiteElo "1953"]
[LiveChessVersion "1.4.8"]

1. Nf3 {[%clk 1:30:55]} Nf6 {[%clk 1:30:52]} 2. g3 {[%clk 1:31:15]} g6
{[%clk 1:31:16]} 3. Bg2 {[%clk 1:31:32]} Bg7 {[%clk 1:31:43]} 4. O-O
{[%clk 1:31:23]} d5 {[%clk 1:32:04]} 5. d4 {[%clk 1:27:42]} O-O {[%clk 1:32:20]}
6. e3 {[%clk 1:20:09]} c6 {[%clk 1:27:47]} 7. b3 {[%clk 1:18:47]} Bf5
{[%clk 1:27:58]} 8. Bb2 {[%clk 1:19:10]} Na6 {[%clk 1:26:03]} 9. a3
{[%clk 1:19:20]} Rc8 {[%clk 1:26:26]} 10. Nc3 {[%clk 1:16:16]} Re8
{[%clk 1:12:55]} 11. Re1 {[%clk 1:15:54]} h6 {[%clk 1:09:19]} 12. Ne2
{[%clk 1:15:48]} Qd7 {[%clk 1:09:17]} 13. Nf4 {[%clk 1:16:08]} Qc7
{[%clk 1:09:22]} 14. Nd3 {[%clk 1:16:21]} Bxd3 {[%clk 1:09:22]} 15. cxd3
{[%clk 1:16:35]} Qb6 {[%clk 1:09:37]} 16. b4 {[%clk 1:16:53]} Nc7
{[%clk 1:09:45]} 17. Bc3 {[%clk 1:16:56]} Nb5 {[%clk 1:10:08]} 18. Qb3
{[%clk 1:17:08]} Nxc3 {[%clk 1:04:43]} 19. Qxc3 {[%clk 1:17:05]} Nd7
{[%clk 1:03:31]} 20. Rac1 {[%clk 1:16:33]} a6 {[%clk 0:58:51]} 21. Rc2
{[%clk 1:08:23]} Qc7 {[%clk 0:57:58]} 22. Rec1 {[%clk 1:00:26]} Qb8
{[%clk 0:55:09]} 1/2-1/2

[Event "XXVII Miedzynarodowy Festiwal Szachowy im. Jozefa Dominika"]
[Site "Dobczyce"]
[Date "2019.07.11"]
[Round "9.4"]
[White "Krawczyk, Wojciech"]
[Black "Luberanski, Jakub"]
[Result "1/2-1/2"]
[BlackElo "2010"]
[WhiteElo "1780"]
[LiveChessVersion "1.4.8"]

1. d4 {[%clk 1:30:58]} d5 {[%clk 1:30:57]} 2. Nf3 {[%clk 1:31:18]} c6
{[%clk 1:31:22]} 3. e3 {[%clk 1:31:33]} Nf6 {[%clk 1:31:46]} 4. c4
{[%clk 1:31:59]} e6 {[%clk 1:32:13]} 5. Nc3 {[%clk 1:32:24]} Nbd7
{[%clk 1:32:39]} 6. Bd2 {[%clk 1:32:36]} Be7 {[%clk 1:30:48]} 7. Qc2
{[%clk 1:32:43]} a6 {[%clk 1:25:58]} 8. a4 {[%clk 1:32:13]} a5 {[%clk 1:22:03]}
9. Bd3 {[%clk 1:32:06]} O-O {[%clk 1:20:39]} 10. O-O {[%clk 1:32:18]} Bd6
{[%clk 1:18:18]} 11. h3 {[%clk 1:31:39]} Re8 {[%clk 1:12:28]} 12. Rfe1
{[%clk 1:30:56]} e5 {[%clk 1:04:06]} 13. cxd5 {[%clk 1:30:54]} cxd5
{[%clk 1:03:07]} 14. dxe5 {[%clk 1:29:30]} Nxe5 {[%clk 1:03:29]} 15. Nxe5
{[%clk 1:29:12]} Bxe5 {[%clk 1:03:02]} 16. Nb5 {[%clk 1:29:24]} Ne4
{[%clk 0:59:43]} 17. f4 {[%clk 1:25:29]} Bb8 {[%clk 0:59:46]} 18. Bxe4
{[%clk 1:19:14]} Rxe4 {[%clk 0:55:39]} 19. Nc3 {[%clk 1:17:36]} Re8
{[%clk 0:55:17]} 20. Qd3 {[%clk 1:17:48]} Ra6 {[%clk 0:47:00]} 21. Nb5
{[%clk 1:13:48]} h6 {[%clk 0:41:53]} 22. Re2 {[%clk 1:05:51]} Rg6
{[%clk 0:40:03]} 23. Kh2 {[%clk 1:05:01]} Qh4 {[%clk 0:36:21]} 24. Be1
{[%clk 0:55:31]} Qh5 {[%clk 0:36:30]} 25. Nd4 {[%clk 0:55:50]} Ba7
{[%clk 0:34:03]} 26. Rc2 {[%clk 0:56:03]} Bxd4 {[%clk 0:31:34]} 27. Qxd4
{[%clk 0:56:22]} Bf5 {[%clk 0:29:31]} 28. Rd2 {[%clk 0:35:47]} Re4
{[%clk 0:26:53]} 29. Qc5 {[%clk 0:34:14]} b6 {[%clk 0:25:37]} 30. Qc3
{[%clk 0:33:52]} Kh7 {[%clk 0:15:31]} 31. Bg3 {[%clk 0:32:27]} Bxh3
{[%clk 0:12:58]} 32. gxh3 {[%clk 0:32:49]} Qf3 {[%clk 0:13:25]} 33. Rg2
{[%clk 0:33:06]} Rxe3 {[%clk 0:13:49]} 34. Qc2 {[%clk 0:33:24]} h5
{[%clk 0:07:29]} 35. Qf2 {[%clk 0:32:54]} Qe4 {[%clk 0:07:45]} 36. Qf1
{[%clk 0:19:02]} h4 {[%clk 0:06:02]} 37. Bxh4 {[%clk 0:18:18]} Rxg2+
{[%clk 0:05:17]} 38. Qxg2 {[%clk 0:18:34]} Re2 {[%clk 0:05:42]} 39. Bf2
{[%clk 0:18:56]} Qxf4+ {[%clk 0:06:04]} 40. Kg1 {[%clk 0:19:22]} Rxb2
{[%clk 0:06:06]} 41. Rf1 {[%clk 0:11:43]} Qxa4 {[%clk 0:04:55]} 42. Qxd5
{[%clk 0:11:33]} Qf4 {[%clk 0:02:14]} 43. Qd3+ {[%clk 0:11:23]} g6
{[%clk 0:02:29]} 44. Bg3 {[%clk 0:10:53]} Qg5 {[%clk 0:01:52]} 45. Qc3
{[%clk 0:09:48]} Qc5+ {[%clk 0:01:41]} 46. Qxc5 {[%clk 0:09:52]} bxc5
{[%clk 0:02:09]} 47. Rxf7+ {[%clk 0:10:15]} Kg8 {[%clk 0:02:01]} 48. Ra7
{[%clk 0:05:23]} Ra2 {[%clk 0:02:15]} 49. Rc7 {[%clk 0:04:12]} 1/2-1/2

[Event "XXVII Miedzynarodowy Festiwal Szachowy im. Jozefa Dominika"]
[Site "Dobczyce"]
[Date "2019.07.11"]
[Round "9.5"]
[White "Seredyn, Dominik"]
[Black "Cisek, Kamil"]
[Result "1/2-1/2"]
[BlackElo "1891"]
[WhiteElo "1737"]
[LiveChessVersion "1.4.8"]

1. e4 {[%clk 1:30:58]} e5 {[%clk 1:30:54]} 2. Nf3 {[%clk 1:31:23]} Nc6
{[%clk 1:31:14]} 3. Bc4 {[%clk 1:31:44]} Bc5 {[%clk 1:31:32]} 4. c3
{[%clk 1:32:06]} Nf6 {[%clk 1:31:43]} 5. d4 {[%clk 1:31:42]} exd4
{[%clk 1:31:34]} 6. cxd4 {[%clk 1:32:04]} Bb4+ {[%clk 1:31:34]} 7. Bd2
{[%clk 1:32:22]} Bxd2+ {[%clk 1:31:25]} 8. Nbxd2 {[%clk 1:32:44]} d5
{[%clk 1:31:41]} 9. exd5 {[%clk 1:32:57]} Nxd5 {[%clk 1:31:57]} 10. Qb3
{[%clk 1:32:56]} Nce7 {[%clk 1:31:50]} 11. O-O {[%clk 1:32:02]} O-O
{[%clk 1:30:57]} 12. Rfe1 {[%clk 1:30:45]} c6 {[%clk 1:30:16]} 13. Ne4
{[%clk 1:28:29]} Qb6 {[%clk 1:30:03]} 1/2-1/2

[Event "XXVII Miedzynarodowy Festiwal Szachowy im. Jozefa Dominika"]
[Site "Dobczyce"]
[Date "2019.07.11"]
[Round "9.6"]
[White "Mirowska, Oliwia"]
[Black "Iwanczuk, Krzysztof"]
[Result "0-1"]
[BlackElo "1775"]
[WhiteElo "1735"]
[LiveChessVersion "1.4.8"]

1. g3 {[%clk 1:30:43]} d5 {[%clk 1:26:14]} 2. Nf3 {[%clk 1:30:55]} Bg4
{[%clk 1:24:39]} 3. Bg2 {[%clk 1:31:05]} Nd7 {[%clk 1:24:50]} 4. d3
{[%clk 1:29:56]} Ngf6 {[%clk 1:24:07]} 5. c3 {[%clk 1:29:53]} e5 {[%clk 1:22:04]}
6. O-O {[%clk 1:29:32]} Bd6 {[%clk 1:20:25]} 7. Nbd2 {[%clk 1:27:36]} c6
{[%clk 1:20:07]} 8. e4 O-O {[%clk 1:19:16]} 9. h3 {[%clk 1:27:31]} Bh5
{[%clk 1:19:05]} 10. g4 {[%clk 1:23:53]} Bg6 {[%clk 1:19:08]} 11. Nh4
{[%clk 1:22:50]} Nc5 {[%clk 1:12:09]} 12. Nxg6 {[%clk 1:21:17]} hxg6
{[%clk 1:11:42]} 13. exd5 {[%clk 1:20:26]} cxd5 {[%clk 1:09:57]} 14. Nf3
{[%clk 1:17:35]} e4 {[%clk 1:05:12]} 15. dxe4 {[%clk 1:17:54]} dxe4
{[%clk 1:05:31]} 16. Nd4 {[%clk 1:16:26]} Re8 {[%clk 1:04:28]} 17. Qc2
{[%clk 1:10:40]} Rc8 {[%clk 1:03:08]} 18. Bg5 {[%clk 1:10:17]} Qe7
{[%clk 1:02:26]} 19. Bh4 {[%clk 1:07:27]} Nd3 {[%clk 1:01:48]} 20. Qe2
{[%clk 1:03:53]} Nf4 {[%clk 1:01:11]} 21. Qe3 {[%clk 1:03:16]} Nxg2
{[%clk 0:57:23]} 22. Kxg2 {[%clk 1:03:36]} Nxg4 {[%clk 0:57:36]} 23. Bxe7
{[%clk 1:02:19]} Nxe3+ {[%clk 0:58:00]} 24. fxe3 {[%clk 1:02:47]} Rxe7
{[%clk 0:58:14]} 25. Rf2 {[%clk 1:02:15]} Rc5 {[%clk 0:58:20]} 26. h4
{[%clk 1:02:09]} Rh5 {[%clk 0:57:45]} 27. Rh1 {[%clk 1:02:18]} Ree5
{[%clk 0:55:58]} 28. a3 {[%clk 1:01:41]} Rh6 {[%clk 0:56:09]} 29. Rf4
{[%clk 1:01:51]} g5 {[%clk 0:55:39]} 30. Rg4 {[%clk 1:01:00]} gxh4
{[%clk 0:55:39]} 31. Rhxh4 {[%clk 1:00:54]} Rxh4 {[%clk 0:55:40]} 32. Rxh4
{[%clk 1:01:17]} Rg5+ {[%clk 0:55:58]} 33. Kf1 {[%clk 1:01:36]} f5
{[%clk 0:55:55]} 34. Ne6 {[%clk 1:01:22]} Rg3 {[%clk 0:55:37]} 35. Kf2
{[%clk 1:01:05]} Rg6 {[%clk 0:50:18]} 36. Nf4 {[%clk 1:01:21]} Bxf4
{[%clk 0:50:36]} 37. Rxf4 {[%clk 1:01:26]} Rf6 {[%clk 0:50:57]} 38. Kg3
{[%clk 1:01:33]} g5 {[%clk 0:51:06]} 39. Rf2 {[%clk 1:01:57]} Kf7
{[%clk 0:51:27]} 40. Rd2 {[%clk 1:01:59]} f4+ {[%clk 0:51:50]} 41. exf4
{[%clk 1:02:20]} gxf4+ {[%clk 0:52:16]} 42. Kg2 {[%clk 1:02:20]} Ke6
{[%clk 0:52:13]} 43. Rd8 {[%clk 1:02:27]} f3+ {[%clk 0:52:26]} 44. Kf2
{[%clk 1:02:50]} e3+ {[%clk 0:52:39]} 0-1

[Event "XXVII Miedzynarodowy Festiwal Szachowy im. Jozefa Dominika"]
[Site "Dobczyce"]
[Date "2019.07.11"]
[Round "9.7"]
[White "Kawalko, Adam"]
[Black "Jalowiec, Halina"]
[Result "1-0"]
[BlackElo "1919"]
[WhiteElo "1920"]
[LiveChessVersion "1.4.8"]

1. e4 {[%clk 1:30:58]} e5 {[%clk 1:30:58]} 2. Nf3 {[%clk 1:31:21]} d6
{[%clk 1:30:47]} 3. Bc4 {[%clk 1:30:13]} Be7 {[%clk 1:30:28]} 4. d4
{[%clk 1:28:49]} Nd7 {[%clk 1:30:04]} 5. dxe5 {[%clk 1:23:18]} Nxe5
{[%clk 1:30:10]} 6. Nxe5 {[%clk 1:23:17]} dxe5 {[%clk 1:30:36]} 7. Qh5
{[%clk 1:22:56]} g6 {[%clk 1:26:46]} 8. Qxe5 {[%clk 1:22:20]} Nf6
{[%clk 1:27:10]} 9. Bh6 {[%clk 1:20:53]} Rg8 {[%clk 1:25:59]} 10. Bg5
{[%clk 1:19:40]} Ng4 {[%clk 1:23:33]} 11. Qxe7+ {[%clk 1:19:29]} Qxe7
{[%clk 1:23:59]} 12. Bxe7 {[%clk 1:19:50]} Kxe7 {[%clk 1:24:27]} 13. Nc3
{[%clk 1:19:41]} c6 {[%clk 1:24:37]} 14. O-O {[%clk 1:18:25]} Ne5
{[%clk 1:24:31]} 15. Be2 {[%clk 1:18:15]} Be6 {[%clk 1:24:45]} 16. f4
{[%clk 1:17:17]} Ng4 {[%clk 1:16:37]} 17. f5 {[%clk 1:13:30]} gxf5
{[%clk 1:17:03]} 18. exf5 {[%clk 1:13:58]} Bd7 {[%clk 1:16:50]} 19. Rae1
{[%clk 1:12:30]} Kf8 {[%clk 1:15:41]} 20. Bc4 {[%clk 1:04:27]} Re8
{[%clk 1:11:59]} 21. Ne4 {[%clk 1:02:28]} Kg7 {[%clk 0:56:16]} 22. f6+
{[%clk 0:55:27]} Kg6 {[%clk 0:54:12]} 23. Bxf7+ {[%clk 0:51:21]} Kxf7
{[%clk 0:52:08]} 24. Nd6+ {[%clk 0:51:43]} Kg6 {[%clk 0:51:46]} 25. f7
{[%clk 0:52:03]} 1-0

[Event "XXVII Miedzynarodowy Festiwal Szachowy im. Jozefa Dominika"]
[Site "Dobczyce"]
[Date "2019.07.11"]
[Round "9.8"]
[White "Kawula, Andrzej"]
[Black "Cichon, Jakub"]
[Result "1/2-1/2"]
[BlackElo "1707"]
[WhiteElo "1876"]
[LiveChessVersion "1.4.8"]

1. d4 {[%clk 1:30:55]} d5 {[%clk 1:29:42]} 2. c4 {[%clk 1:31:11]} e6
{[%clk 1:28:51]} 3. e3 {[%clk 1:31:12]} Nf6 {[%clk 1:28:45]} 4. Nf3
{[%clk 1:31:28]} Be7 {[%clk 1:25:45]} 5. Nc3 {[%clk 1:31:29]} O-O
{[%clk 1:25:52]} 6. Bd3 {[%clk 1:31:47]} dxc4 {[%clk 1:25:31]} 7. Bxc4
{[%clk 1:32:10]} c5 {[%clk 1:11:19]} 8. O-O {[%clk 1:30:44]} Nc6 {[%clk 1:08:45]}
9. a3 {[%clk 1:23:21]} cxd4 {[%clk 1:02:21]} 10. exd4 {[%clk 1:23:10]} a6
{[%clk 1:00:42]} 11. Bg5 {[%clk 1:04:33]} Nd5 {[%clk 0:49:49]} 12. Bxe7
{[%clk 1:01:54]} Ncxe7 {[%clk 0:50:04]} 13. Ne4 {[%clk 0:58:27]} Nf5
{[%clk 0:45:47]} 14. Qd2 {[%clk 0:54:29]} Nde7 {[%clk 0:42:36]} 15. Rfd1
{[%clk 0:47:40]} b5 {[%clk 0:41:39]} 16. Be2 {[%clk 0:47:37]} Bb7
{[%clk 0:38:57]} 17. Nc5 {[%clk 0:47:55]} Bd5 {[%clk 0:36:19]} 18. Qc3
{[%clk 0:36:45]} Qd6 {[%clk 0:31:43]} 19. b4 {[%clk 0:32:16]} Rfd8
{[%clk 0:28:02]} 20. a4 {[%clk 0:27:37]} Bc6 {[%clk 0:26:07]} 21. axb5
{[%clk 0:22:15]} Nd5 {[%clk 0:24:33]} 22. Qb2 {[%clk 0:22:07]} axb5
{[%clk 0:24:11]} 23. Ne5 {[%clk 0:20:34]} 1/2-1/2

[Event "XXVII Miedzynarodowy Festiwal Szachowy im. Jozefa Dominika"]
[Site "Dobczyce"]
[Date "2019.07.11"]
[Round "9.9"]
[White "Klementys, Jerzy"]
[Black "Kuciel, Wladyslaw"]
[Result "0-1"]
[BlackElo "1966"]
[WhiteElo "1656"]
[LiveChessVersion "1.4.8"]

1. d4 {[%clk 1:30:55]} Nf6 {[%clk 1:30:55]} 2. c4 {[%clk 1:31:21]} e6
{[%clk 1:31:21]} 3. Nc3 {[%clk 1:31:32]} Bb4 {[%clk 1:31:46]} 4. Qc2
{[%clk 1:31:47]} O-O {[%clk 1:32:08]} 5. Bg5 {[%clk 1:31:36]} h6 {[%clk 1:32:30]}
6. Bh4 {[%clk 1:32:01]} d6 {[%clk 1:32:42]} 7. Nf3 {[%clk 1:32:18]} Nbd7
{[%clk 1:32:32]} 8. a3 {[%clk 1:32:21]} Bxc3+ {[%clk 1:32:52]} 9. Qxc3
{[%clk 1:32:48]} b6 {[%clk 1:32:32]} 10. e4 {[%clk 1:32:15]} g5 {[%clk 1:26:28]}
11. e5 {[%clk 1:30:53]} gxh4 {[%clk 1:24:37]} 12. exf6 {[%clk 1:31:21]} Qxf6
{[%clk 1:24:59]} 13. O-O-O {[%clk 1:30:44]} Bb7 {[%clk 1:23:32]} 14. d5
{[%clk 1:30:22]} Qxc3+ {[%clk 1:19:21]} 15. bxc3 {[%clk 1:30:50]} Nf6
{[%clk 1:19:26]} 16. dxe6 {[%clk 1:29:58]} fxe6 {[%clk 1:19:44]} 17. Nxh4
{[%clk 1:26:52]} Ne4 {[%clk 1:19:08]} 18. Re1 {[%clk 1:24:32]} Rxf2
{[%clk 1:17:08]} 19. Bd3 {[%clk 1:24:17]} Nc5 {[%clk 1:16:59]} 20. Bc2
{[%clk 1:24:16]} Raf8 {[%clk 1:16:33]} 21. Rhg1 {[%clk 1:24:16]} Ba6
{[%clk 1:14:35]} 22. Re3 {[%clk 1:23:11]} R8f6 {[%clk 1:13:04]} 23. Rg3+
{[%clk 1:23:28]} Kf7 {[%clk 1:13:01]} 24. Rg4 {[%clk 1:21:57]} h5
{[%clk 1:01:48]} 25. Rg5 {[%clk 1:21:03]} Bxc4 {[%clk 1:01:08]} 26. Rxh5
{[%clk 1:21:09]} Bd3 {[%clk 1:00:00]} 27. Bd1 {[%clk 1:13:16]} Bg6
{[%clk 1:00:21]} 28. Nxg6 {[%clk 1:13:12]} Nd3+ {[%clk 1:00:47]} 29. Kb1
{[%clk 1:13:25]} Rb2+ {[%clk 1:01:01]} 30. Ka1 {[%clk 1:13:52]} Rff2
{[%clk 1:01:22]} 31. Nh8+ {[%clk 1:05:54]} Kg7 {[%clk 1:01:02]} 0-1